|
|
|
|
| LEADER |
01399nam a2200361Ia 4500 |
| 001 |
EBC7103742 |
| 003 |
MiAaPQ |
| 005 |
20200520144314.0 |
| 006 |
m o d | |
| 007 |
cr cnu|||||||| |
| 008 |
071213s2008 caua ob 001 0 eng d |
| 020 |
|
|
|a 9781118504895 (electronic bk.)
|
| 020 |
|
|
|z 0787988839 (pbk.)
|
| 020 |
|
|
|z 9780787988838 (pbk.)
|
| 035 |
|
|
|a (MiAaPQ)EBC7103742
|
| 035 |
|
|
|a (Au-PeEL)EBL7103742
|
| 035 |
|
|
|a (OCoLC)1347023226
|
| 040 |
|
|
|a MiAaPQ
|b eng
|e rda
|e pn
|c MiAaPQ
|d MiAaPQ
|
| 050 |
|
4 |
|a HF5549.5.R3
|b G84 2008
|
| 100 |
1 |
|
|a Guerra-Lopez, Ingrid.
|
| 245 |
1 |
0 |
|a Performance evaluation
|h [electronic resource] :
|b proven approaches for improving program and organizational performance /
|c Ingrid Guerra-Lopez.
|
| 250 |
|
|
|a 1st ed.
|
| 260 |
|
|
|a San Francisco :
|b Jossey-Bass,
|c c2008.
|
| 300 |
|
|
|a xiv, 304 p. :
|b ill.
|
| 504 |
|
|
|a Includes bibliographical references (p. [285]-293) and index.
|
| 590 |
|
|
|a Electronic reproduction. Ann Arbor, MI : ProQuest, 2018. Available via World Wide Web. Access may be limited to ProQuest affiliated libraries.
|
| 650 |
|
0 |
|a Employees
|x Rating of.
|
| 650 |
|
0 |
|a Organizational effectiveness.
|
| 650 |
|
0 |
|a Performance standards.
|
| 655 |
|
4 |
|a Electronic books.
|
| 710 |
2 |
|
|a ProQuest (Firm)
|
| 797 |
2 |
|
|a ProQuest (Firm)
|
| 856 |
4 |
0 |
|u https://ebookcentral.proquest.com/lib/matrademy/detail.action?docID=7103742
|z Click to View
|